| 000 | 00802cab a2200253 4500 | ||
|---|---|---|---|
| 001 | ABS57964 | ||
| 008 | 090401t1997 xxu||||| |||| 00| 0 eng d | ||
| 035 | _a(Sirsi) u82414 | ||
| 041 | _aeng | ||
| 100 | _aNorth, L | ||
| 245 | _aAppraisal practice in central and eastern Europe | ||
| 260 | _c1997 | ||
| 350 | _a0 | ||
| 490 |
_aCanadian Appraiser _v41(3) Autumn 1997, 29-35(6) |
||
| 520 | _aSecond article on appraisal practice in central and eastern Europe. Considers the emerging needs of the profession, looking at education and training. | ||
| 650 | _aAPPRAISAL PRACTICE | ||
| 650 | _aCENTRAL EUROPE | ||
| 650 | _aCAREERS, EDUCATION AND TRAINING | ||
| 650 | _aEUROPE | ||
| 650 | _aCAREERS, EDUCATION AND TRAINING | ||
| 690 | _aOVERSEAS-EUROPE | ||
| 942 | _n0 | ||
| 948 | _c28/11/1997 | ||
| 999 |
_c52034 _d52034 |
||